Music Quiz

Random Music or Artist Quiz

Similar album covers (Slideshow) Quiz Stats

 Plays Quiz not verified by Sporcle

Also try: Lego Album Covers
Challenge
Share
Tweet
Score 0/55 Timer 10:00
0 Plays Today
% Correct
Elvis Presley
95%
The Clash
92.6%
The Beatles
92.1%
Nirvana
88.1%
David Bowie
86.9%
Queen
86.9%
The Beatles
86%
Gorillaz
85.4%
Elvis Presley
85.4%
The Beach Boys
83.3%
The Ramones
77.3%
Weird Al Yankovic
75%
Björk
74.8%
Britney Spears
73.6%
The Velvet Underground
72.7%
The Rolling Stones
72.7%
Bob Dylan
70.7%
Christina Aguilera
66.9%
Elvis Costello
65.5%
50 Cent
58.8%
The Rolling Stones
51.6%
Iron Maiden
48.4%
Mariah Carey
47.5%
George Harrison
43%
Massive Attack
39.6%
Funkadelic
36.7%
Nas
36%
The Verve
33.8%
% Correct
Van Morrison
32.2%
Nick Drake
31.3%
K.d. Lang
30.4%
Kanye West
30%
The Byrds
27.9%
Mötley Crüe
27.3%
Serge Gainsbourg
20%
Elastica
17.8%
Earth, Wind & Fire
14.2%
The Residents
13.5%
Ornette Coleman
12.4%
The Dandy Warhols
11%
The Fall
10.4%
John Phillips
9.9%
David Crosby
9.7%
Echo & the Bunnymen
8.3%
Boris
7.2%
Turbonegro
7%
Redman
5.9%
Dan the Automator
3.8%
Flying Lotus
3.6%
Theophilus London
3.2%
Internal Wrangler
3.2%
Starsailor
2.5%
Justin Bieber
2.3%
Françoise Hardy
1.8%
Jay-Jay Johanson
1.4%

You're not logged in!

Compare scores with friends on all Sporcle quizzes.
OR
Log In

You Might Also Like...

Show Comments

Extras

Curator's Pick Oct 16, 2018ReportNominate
Tags:Album Quiz, Artist Quiz, Album Cover, Slideshow

Top Quizzes Today


Score Distribution

Your Account Isn't Verified!

In order to create a playlist on Sporcle, you need to verify the email address you used during registration. Go to your Sporcle Settings to finish the process.

Report this User

Report this user for behavior that violates our Community Guidelines.

Details: